000 00665cam a2200241 a 4500
001 3315762
005 20180308045813.0
008 840501s1984 nyua b 001 0 eng
010 _a 84042656
020 _a0394540743 :
_c$17.95
020 _a0394339436 (pbk.) :
_c$8.95
040 _aDLC
_cDLC
_dDLC
041 _aeng
043 _an-us---
080 _a342.73
082 0 0 _a342.73 FRI
_a347.302
_219
100 1 _a19
101 _aSHP
245 1 4 _aThe Constitution, that delicate balance /
_cFred W. Friendly, Martha J.H. Elliott.
504 _aBibliography: p. [317]-327.
906 _a7
_bcbc
_corignew
_d1
_eocip
_f19
_gy-gencatlg
942 _2ddc
_cBK
999 _c44439
_d44439